USSR Country Flags - Statistics

General Stats
  • This quiz has been taken 58 times
  • The average score is 15 of 15
Answer Stats
Picture Answer % Correct
Georgia
100%
Kazakhstan
100%
Russia
100%
Ukraine
100%
Estonia
98%
Latvia
98%
Lithuania
98%
Turkmenistan
98%
Uzbekistan
98%
Belarus
96%
Moldova
96%
Tajikistan
96%
Armenia
94%
Azerbaijan
94%
Kyrgyzstan
92%
No matching quizzes found
Score Distribution
Percent of People with Each Score
Percentile by Number Answered
Your Score History
You have not taken this quiz